Modelovanie úrokových mier diplomová práca

Gespeichert in:
Bibliographische Detailangaben
1. Verfasser: Brinziková, Katarína
Körperschaft: Fakulta hospodárskej informatiky EU. Katedra operačného výskumu a ekonometrie
Weitere Verfasser: Lukáčik, Martin, 1974-
Format: Buch
Sprache:Slowakisch
Veröffentlicht: Bratislava 2014
Tags: Tag hinzufügen
Keine Tags, Fügen Sie das erste Tag hinzu!

MARC

LEADER 00000nbm a2200000 4500
001 0188522
005 20170201103702.5
041 0 |a slo 
044 |a SK 
245 1 0 |a Modelovanie úrokových mier  |b diplomová práca  |c Katarína Brinziková ; školiteľ: Martin Lukáčik 
264 1 |a Bratislava  |c 2014 
300 |a 64 s. 
100 1 |a Brinziková, Katarína 
700 1 |a Lukáčik, Martin, 1974- 
710 2 |a Fakulta hospodárskej informatiky EU. Katedra operačného výskumu a ekonometrie